| 000 | 00773nam a22002657a 4500 | ||
|---|---|---|---|
| 001 | BR5400304 | ||
| 003 | BR-BrBNA | ||
| 005 | 20230928082948.0 | ||
| 007 | ta | ||
| 008 | 230509b bl.||||| |||| 00| 0 por d | ||
| 040 |
_aBR-BrBNA _bpor _cBiblioteca Nacional de Agricultura |
||
| 041 | _a(Por) | ||
| 072 |
_aD50; E70 _b/G514 |
||
| 090 | _ D50 BR5400304 | ||
| 110 | 1 |
_aSupremo Tribunal Federal, Rio de Janeiro, GB (Brasil) _910277 |
|
| 245 | 1 | _aO recurso ordinario (emergido e preferencial)no conteudo do extraordinario [cafe, comercio, Brasil] | |
| 260 | 3 |
_aRio de Janeiro, GB (Brasil): _c1954. |
|
| 300 | _a44 p. | ||
| 650 | _aCAFE | ||
| 650 | _aPRODUCAO VEGETAL | ||
| 650 | _aCOMERCIO | ||
| 650 | _aLEI | ||
| 909 |
_a202309 _bLucia _c55 _dLucia Elande |
||
| 942 | _cBK | ||
| 999 |
_c10843 _d10843 |
||